[Event "Arandjelovac op 2nd"]
[Site "Arandjelovac"]
[Date "2023.08.03"]
[Round "5"]
[White "Pavicevic, Jovan R"]
[Black "Salman, Samer"]
[Result "1/2-1/2"]
[WhiteElo "2208"]
[BlackElo "1924"]
[PlyCount "52"]
[EventDate "2023.07.31"]
[EventType "swiss"]
[EventRounds "9"]
[EventCountry "SRB"]
[SourceTitle "CBM 215 Extra"]
[Source "ChessBase"]
[SourceDate "2023.09.30"]
[SourceVersion "1"]
[SourceVersionDate "2023.09.30"]
[SourceQuality "1"]

1. e4 c5 2. Nf3 d6 3. c3 Nf6 4. h3 Nc6 5. Bd3 d5 6. e5 Nd7 7. Bb5 Qb6 8. Qa4 c4 9. 0-0 Nc5 10. Bxc6+ bxc6 11. Qd1 Bf5 12. Nd4 Bd3 13. Re1 e6 14. b3 Bxb1 15. Rxb1 Nd3 16. Re2 Bc5 17. Qc2 Bxd4 18. bxc4 Nxc1 19. Qxc1 Bxf2+ 20. Rxf2 Qa5 21. Rb7 0-0 22. Qf1 dxc4 23. Rfxf7 Qc5+ 24. Kh1 Kh8 25. Qf6 Rxf7 26. Qxf7 Qxe5 1/2-1/2

[Event "Arandjelovac op 2nd"]
[Site "Arandjelovac"]
[Date "2023.08.01"]
[Round "2"]
[White "Kutirov, Rolando"]
[Black "Salman, Samer"]
[Result "1-0"]
[WhiteElo "2292"]
[BlackElo "1924"]
[PlyCount "87"]
[EventDate "2023.07.31"]
[EventType "swiss"]
[EventRounds "9"]
[EventCountry "SRB"]
[SourceTitle "CBM 215 Extra"]
[Source "ChessBase"]
[SourceDate "2023.09.30"]
[SourceVersion "1"]
[SourceVersionDate "2023.09.30"]
[SourceQuality "1"]

1. d4 Nf6 2. Nf3 g6 3. Bg5 Bg7 4. Nbd2 0-0 5. c3 d6 6. e4 c5 7. dxc5 dxc5 8. Be2 Nc6 9. 0-0 Qc7 10. Re1 Rd8 11. Qc2 h6 12. Bh4 Nh5 13. Nc4 Nf4 14. Bf1 Bg4 15. Nfd2 g5 16. Bg3 e6 17. f3 Bh5 18. Bf2 g4 19. fxg4 Bxg4 20. h3 Bh5 21. g3 b5 22. gxf4 bxc4 23. Be3 Kh8 24. Nxc4 Rg8 25. Kh2 Bf6 26. Be2 Bg6 27. Rg1 Bg5 28. Raf1 Ne7 29. Bd3 Bh5 30. e5 Bh4 31. Bf2 Bxf2 32. Qxf2 Bg6 33. Bxg6 Nxg6 34. Rg4 Rg7 35. Rfg1 Rag8 36. Nd6 Kh7 37. Ne4 Rc8 38. h4 Qd8 39. Nf6+ Kh8 40. h5 Qd3 41. hxg6 fxg6 42. Qg3 Qf5 43. Rh4 h5 44. Rxh5+ 1-0

[Event "Arandjelovac op 2nd"]
[Site "Arandjelovac"]
[Date "2023.07.31"]
[Round "1"]
[White "Salman, Samer"]
[Black "Karthik, Rajaa"]
[Result "1/2-1/2"]
[WhiteElo "1924"]
[BlackElo "2310"]
[PlyCount "126"]
[EventDate "2023.07.31"]
[EventType "swiss"]
[EventRounds "9"]
[EventCountry "SRB"]
[SourceTitle "CBM 215 Extra"]
[Source "ChessBase"]
[SourceDate "2023.09.30"]
[SourceVersion "1"]
[SourceVersionDate "2023.09.30"]
[SourceQuality "1"]

1. e4 c6 2. Nf3 d5 3. exd5 cxd5 4. d4 Nc6 5. Ne5 a6 6. c3 Nxe5 7. dxe5 Bf5 8. Bd3 Bxd3 9. Qxd3 e6 10. 0-0 Qc7 11. Bf4 Ne7 12. Re1 Ng6 13. Bg3 h5 14. h3 h4 15. Bh2 Bc5 16. Qe2 Rc8 17. Nd2 Ba7 18. Rad1 0-0 19. Qh5 Qb6 20. Re2 Qxb2 21. Ne4 Qa3 22. Ng5 Rfe8 23. Kh1 Rxc3 24. f4 Rc1 25. Ree1 Rxd1 26. Rxd1 Be3 27. Nxf7 Kxf7 28. f5 exf5 29. Qxf5+ Kg8 30. Qxg6 Qe7 31. Rxd5 Qf7 32. Qxf7+ Kxf7 33. g3 Rc8 34. gxh4 Rc1+ 35. Kg2 Rc2+ 36. Kf3 Rxh2 37. Kxe3 Ke6 38. Rd6+ Kxe5 39. Rd7 Rxh3+ 40. Kd2 g6 41. Rxb7 Ra3 42. Rb6 Kf5 43. Ke2 Rxa2+ 44. Kf3 Ra3+ 45. Kg2 a5 46. Ra6 Ra2+ 47. Kg3 Ra3+ 48. Kg2 a4 49. Kh2 Ra1 50. Kg2 Ra2+ 51. Kg3 a3 52. Ra5+ Kf6 53. Ra6+ Kg7 54. Kh3 Kh6 55. Kg3 Ra1 56. Ra5 Rg1+ 57. Kh2 Ra1 58. Kg3 a2 59. Kh2 Rb1 60. Rxa2 Kh5 61. Ra4 Rb2+ 62. Kh3 Rb3+ 63. Kh2 g5 1/2-1/2

[Event "Online Olym Div2 A"]
[Site "Chess.com INT"]
[Date "2021.09.03"]
[Round "4.5"]
[White "Salman, Samer"]
[Black "Chan, Luis"]
[Result "0-1"]
[WhiteElo "1912"]
[BlackElo "2262"]
[PlyCount "110"]
[EventDate "2021.09.02"]
[EventType "team (rapid)"]
[EventRounds "9"]
[EventCountry "USA"]
[SourceTitle "CBM 204 Extra"]
[Source "ChessBase"]
[SourceDate "2021.11.30"]
[SourceVersion "1"]
[SourceVersionDate "2021.11.30"]
[SourceQuality "1"]
[WhiteTeam "Lebanon"]
[BlackTeam "Australia"]
[WhiteTeamCountry "LBN"]
[BlackTeamCountry "AUS"]

1. Nf3 Nf6 2. g3 g6 3. Bg2 Bg7 4. 0-0 0-0 5. d3 d6 6. e4 e5 7. c3 Nc6 8. Re1 Re8 9. Bg5 h6 10. Bxf6 Qxf6 11. Nbd2 Be6 12. Nf1 d5 13. Ne3 dxe4 14. dxe4 Rad8 15. Qe2 a6 16. b3 Qe7 17. Rad1 Qc5 18. Rc1 a5 19. h4 Kh7 20. h5 Ne7 21. Red1 c6 22. c4 Ng8 23. Nh4 Nf6 24. hxg6+ fxg6 25. Rxd8 Rxd8 26. Rd1 Rd4 27. Nc2 Bg4 28. Bf3 Bxf3 29. Qxf3 Rxd1+ 30. Qxd1 Nxe4 31. Qf3 Ng5 32. Qg4 Qd6 33. Ne3 e4 34. Kg2 b5 35. cxb5 cxb5 36. Qc8 a4 37. bxa4 bxa4 38. Qa8 Qd7 39. Kf1 Bd4 40. Qa6 Qf7 41. Qe2 a3 42. Nc2 Bc5 43. Ne3 Ne6 44. Ng4 h5 45. Ne5 Qb7 46. Nexg6 Kh6 47. Kg1 e3 48. f3 Qb1+ 49. Kg2 Qb2 50. Kf1 Bd4 51. g4 hxg4 52. fxg4 Kg5 53. Ke1 Qc1+ 54. Qd1 Bc3+ 55. Ke2 Nd4+ 0-1

[Event "Online Olym Div4 A"]
[Site "Chess.com INT"]
[Date "2021.08.20"]
[Round "1.5"]
[White "Salman, Samer"]
[Black "Jaiswal, Rupesh"]
[Result "0-1"]
[WhiteElo "1912"]
[BlackElo "2102"]
[PlyCount "74"]
[EventDate "2021.08.20"]
[EventType "team (rapid)"]
[EventRounds "11"]
[EventCountry "USA"]
[SourceTitle "CBM 203 Extra"]
[Source "ChessBase"]
[SourceDate "2021.09.30"]
[SourceVersion "1"]
[SourceVersionDate "2021.09.30"]
[SourceQuality "1"]
[WhiteTeam "Lebanon"]
[BlackTeam "Nepal"]
[WhiteTeamCountry "LBN"]
[BlackTeamCountry "NEP"]

1. e4 c5 2. Nf3 d6 3. d4 cxd4 4. Nxd4 Nf6 5. Nc3 a6 6. Bg5 e6 7. f4 Be7 8. Qf3 Qc7 9. 0-0-0 Nbd7 10. g4 h6 11. Bxf6 Bxf6 12. h4 Nb6 13. Be2 Bd7 14. g5 Be7 15. g6 fxg6 16. Qg4 0-0-0 17. Nxe6 Bxe6 18. Qxe6+ Kb8 19. Qxg6 d5 20. e5 d4 21. Ne4 Nd5 22. Qg3 Ne3 23. Rd2 Bb4 24. c3 Qc6 25. Bf3 dxc3 26. Nxc3 Qc4 27. Be2 Qc5 28. Rhd1 Nxd1 29. Bxd1 Rxd2 30. Kxd2 Rd8+ 31. Kc2 Bxc3 32. bxc3 Qd5 33. Qf3 Qd2+ 34. Kb3 Qxd1+ 35. Qxd1 Rxd1 36. Kc4 Kc7 37. Kc5 Rf1 0-1

[Event "Aley Hariri Rapid Cup"]
[Site "Aley"]
[Date "2021.03.21"]
[Round "7"]
[White "Al Kaoury, Mahdi"]
[Black "Salman, Samer"]
[Result "1-0"]
[WhiteElo "2070"]
[BlackElo "1735"]
[PlyCount "53"]
[EventDate "2021.03.20"]
[EventType "tourn (rapid)"]
[EventRounds "11"]
[EventCountry "LBN"]
[SourceTitle "EXT 2022"]
[Source "ChessBase"]
[SourceDate "2021.10.06"]
[SourceVersion "1"]
[SourceVersionDate "2021.10.06"]
[SourceQuality "1"]

1. c4 g6 2. Nc3 Bg7 3. g3 d6 4. Bg2 Nc6 5. e3 e5 6. Nge2 h5 7. h4 Nge7 8. Rb1 Bg4 9. b4 0-0 10. d3 Bxe2 11. Qxe2 f5 12. b5 Na5 13. Nd5 c6 14. Nxe7+ Qxe7 15. 0-0 e4 16. Bd2 exd3 17. Qxd3 Qc7 18. Rfc1 Rad8 19. Qa3 b6 20. Bxa5 bxa5 21. bxc6 Rb8 22. Rb7 Rxb7 23. cxb7 Qb6 24. Rd1 Rd8 25. c5 dxc5 26. Rxd8+ Qxd8 27. Qb3+ 1-0

[Event "Aley Hariri Rapid Cup"]
[Site "Aley"]
[Date "2021.03.21"]
[Round "8"]
[White "Khallouf, Abdallah"]
[Black "Salman, Samer"]
[Result "0-1"]
[WhiteElo "1685"]
[BlackElo "1735"]
[PlyCount "48"]
[EventDate "2021.03.20"]
[EventType "tourn (rapid)"]
[EventRounds "11"]
[EventCountry "LBN"]
[SourceTitle "EXT 2022"]
[Source "ChessBase"]
[SourceDate "2021.10.06"]
[SourceVersion "1"]
[SourceVersionDate "2021.10.06"]
[SourceQuality "1"]

1. d4 Nf6 2. Bg5 c5 3. d5 Ne4 4. h4 Nxg5 5. hxg5 d6 6. g6 Bf5 7. gxf7+ Kxf7 8. Nc3 Qa5 9. Qd2 g6 10. e4 Bc8 11. Nf3 Bg7 12. Ng5+ Kg8 13. e5 Bxe5 14. f4 Bf6 15. Bd3 h6 16. Nge4 Bd4 17. Qe2 Na6 18. Nxd6 Bxc3+ 19. bxc3 Qxc3+ 20. Kf2 Qd4+ 21. Kg3 Qf6 22. Nxc8 Rxc8 23. Rae1 Rc7 24. Rhf1 Nb4 0-1

[Event "Online Olym Div4 C"]
[Site "Chess.com INT"]
[Date "2020.08.02"]
[Round "7.3"]
[White "Tsephe, Lebajoa"]
[Black "Salman, Samer"]
[Result "0-1"]
[WhiteElo "1698"]
[BlackElo "1741"]
[PlyCount "70"]
[EventDate "2020.07.31"]
[EventType "team-tourn (rapid)"]
[EventRounds "9"]
[EventCountry "USA"]
[SourceTitle "CBM 198"]
[Source "ChessBase"]
[SourceDate "2020.10.31"]
[SourceVersion "1"]
[SourceVersionDate "2020.10.31"]
[SourceQuality "1"]
[WhiteTeam "Lesotho"]
[BlackTeam "Lebanon"]
[WhiteTeamCountry "LES"]
[BlackTeamCountry "LBN"]

1. Nf3 Nf6 2. g3 g6 3. Bg2 Bg7 4. 0-0 0-0 5. d3 d6 6. c4 e5 7. Nc3 Nc6 8. Rb1 a5 9. a3 Nd4 10. b4 axb4 11. axb4 h6 12. Be3 Nh7 13. Qd2 Nf5 14. Rfc1 Nxe3 15. Qxe3 f5 16. Nh4 Qe8 17. Nb5 g5 18. Nxc7 Qh5 19. Bf3 g4 20. Bd5+ Kh8 21. Nxa8 Ng5 22. Bg2 f4 23. Qb6 fxg3 24. fxg3 Nh3+ 25. Bxh3 gxh3 26. Qxd6 Qxe2 27. Ng6+ Kg8 28. Qd5+ Rf7 29. Rf1 Be6 30. Qe4 Qa2 31. Rxf7 Bxf7 32. Rf1 Bxg6 33. Qd5+ Kh7 34. Nc7 e4 35. Ne6 Qg2# 0-1

[Event "Beirut op 10th"]
[Site "Beirut"]
[Date "2019.04.29"]
[Round "4"]
[White "Salman, Samer"]
[Black "Terzian, Kevork"]
[Result "1-0"]
[WhiteElo "1505"]
[BlackElo "1731"]
[PlyCount "63"]
[EventDate "2019.04.25"]
[EventType "swiss"]
[EventRounds "9"]
[EventCountry "LBN"]
[SourceTitle "CBM 190 Extra"]
[Source "ChessBase"]
[SourceDate "2019.07.15"]
[SourceVersion "1"]
[SourceVersionDate "2019.07.15"]
[SourceQuality "1"]

1. e4 Nf6 2. e5 Nd5 3. d4 d6 4. Nf3 Bg4 5. Be2 Nc6 6. exd6 exd6 7. 0-0 Be7 8. c4 Nf6 9. Nc3 0-0 10. Re1 d5 11. cxd5 Nxd5 12. Qb3 Nxc3 13. bxc3 Rb8 14. Bf4 Bf6 15. Nd2 Bxe2 16. Rxe2 Bg5 17. Bxg5 Qxg5 18. Ne4 Qh5 19. Rae1 b6 20. Qc4 Qg6 21. Re3 Ne7 22. Nf6+ Qxf6 23. Rxe7 c5 24. dxc5 Rfc8 25. cxb6 Rd8 26. Qa4 Kf8 27. Qa3 Qd6 28. Qxd6 Rxd6 29. bxa7 Ra8 30. Re8+ Rxe8 31. Rxe8+ Kxe8 32. a8Q+ 1-0

[Event "Beirut op 10th"]
[Site "Beirut"]
[Date "2019.04.27"]
[Round "3"]
[White "Kaloust, Giorgio"]
[Black "Salman, Samer"]
[Result "1-0"]
[WhiteElo "1919"]
[BlackElo "1505"]
[PlyCount "71"]
[EventDate "2019.04.25"]
[EventType "swiss"]
[EventRounds "9"]
[EventCountry "LBN"]
[SourceTitle "CBM 190 Extra"]
[Source "ChessBase"]
[SourceDate "2019.07.15"]
[SourceVersion "1"]
[SourceVersionDate "2019.07.15"]
[SourceQuality "1"]

1. d4 Nf6 2. c4 g6 3. Nc3 Bg7 4. Nf3 0-0 5. Bf4 d6 6. e3 c5 7. Be2 Nbd7 8. h3 cxd4 9. exd4 b6 10. 0-0 Bb7 11. d5 Nc5 12. Qc2 Bc8 13. Rad1 Bf5 14. Qc1 Re8 15. Nd4 Bd7 16. Bf3 Qc7 17. Rfe1 Rad8 18. Ncb5 Qb8 19. b4 Na6 20. Qa3 Qc8 21. Rc1 Nh5 22. Bxh5 Bxd4 23. Nxd4 gxh5 24. Re3 Kh8 25. b5 Nc7 26. Ree1 a5 27. Qf3 Rg8 28. Kh2 e5 29. dxe6 Bxe6 30. Nc6 Rd7 31. Qc3+ Rg7 32. Bh6 Ne8 33. Bxg7+ Nxg7 34. Re3 Bf5 35. Ne7 Qc5 36. Nxf5 1-0

[Event "Beirut op 10th"]
[Site "Beirut"]
[Date "2019.04.26"]
[Round "2"]
[White "Salman, Samer"]
[Black "El Jawich, Amro"]
[Result "0-1"]
[WhiteElo "1505"]
[BlackElo "2238"]
[PlyCount "68"]
[EventDate "2019.04.25"]
[EventType "swiss"]
[EventRounds "9"]
[EventCountry "LBN"]
[SourceTitle "CBM 190 Extra"]
[Source "ChessBase"]
[SourceDate "2019.07.15"]
[SourceVersion "1"]
[SourceVersionDate "2019.07.15"]
[SourceQuality "1"]

1. e4 c5 2. Nc3 Nc6 3. f4 e6 4. Bc4 a6 5. a4 Nge7 6. e5 d5 7. exd6 Nf5 8. Nf3 Bxd6 9. d3 b6 10. Ne4 Be7 11. 0-0 Bb7 12. Bd2 Nd6 13. Nxd6+ Qxd6 14. c3 Na5 15. Ne5 Nxc4 16. Nxc4 Qxd3 17. Nxb6 Rd8 18. Rf2 c4 19. Qf1 Bc5 20. Nxc4 Bxf2+ 21. Kxf2 Qxf1+ 22. Rxf1 Bd5 23. Ne3 Bxg2 24. Kxg2 Rxd2+ 25. Rf2 Rxf2+ 26. Kxf2 Kd7 27. b4 Rc8 28. c4 Rb8 29. b5 Kd6 30. Ng4 f6 31. Ke2 Kc5 32. Kd3 Kb4 33. bxa6 Rd8+ 34. Kc2 Kxc4 0-1

[Event "Beirut Christmas op 20th"]
[Site "Beirut"]
[Date "2018.12.23"]
[Round "2"]
[White "Farhat, Mohamad Ali"]
[Black "Salman, Samer"]
[Result "0-1"]
[WhiteElo "1166"]
[BlackElo "1508"]
[PlyCount "76"]
[EventDate "2018.12.22"]
[EventType "swiss"]
[EventRounds "7"]
[EventCountry "LBN"]
[SourceTitle "CBM 188 Extra"]
[Source "ChessBase"]
[SourceDate "2019.02.26"]
[SourceVersion "1"]
[SourceVersionDate "2019.02.26"]
[SourceQuality "1"]

1. d4 d5 2. c4 c6 3. Nc3 Nf6 4. Bg5 e6 5. e3 Be7 6. Qc2 0-0 7. Bd3 h6 8. Bh4 dxc4 9. Bxc4 Nd5 10. Bxe7 Qxe7 11. Nge2 Nd7 12. Bd3 Nb4 13. Qd2 Nxd3+ 14. Qxd3 e5 15. 0-0 f5 16. f3 Nf6 17. Rad1 Bd7 18. dxe5 Qxe5 19. Rd2 Rfe8 20. e4 fxe4 21. fxe4 Bg4 22. Ng3 b5 23. a3 Be6 24. Qe3 Bc4 25. Rfd1 Nd5 26. Qc5 Nxc3 27. Qxe5 Rxe5 28. bxc3 a5 29. Rd6 c5 30. Rc6 Bf7 31. Rc1 b4 32. cxb4 cxb4 33. axb4 axb4 34. Rb6 b3 35. Rb1 Ra2 36. Kf1 Rc5 37. Rd6 b2 38. Rdd1 Bb3 0-1